LEADER 01558nam a2200277 i 4500 001 000000356050 003 CaOOAMICUS 005 20231109101345.0 008 231109s2017 it u100 u ita u 020 $a978-88-8333-656-0 040 $aSeMil$bita 245 00$aIus et matrimonium 2. :$btemi processuali e sostanziali alla luce del Motu Proprio Mitis Iudex Dominus Iesus /$cHéctor Franceschi, Miguel A. Ortiz (a cura di) 264 1$aRoma :$bEdusc,$c2017. 300 $a512 p. ;$c25 cm. 490 1 $aSubsidia canonica ;$v21 500 $aInterventi presentati al 6. Corso di aggiornamento in diritto matrimoniale e processuale canonico organizzato dalla Facoltà di diritto canonico della Pont. Univ. della Santa Croce nel mese di settembre 2016. 650 4$aDiritto processuale canonico.$0(OLS)http://semarc/subject/3750 700 1 $aOrtiz, Miguel Ángel,$d<1961- >.$0(OLS)http://semarc/name/70703 700 1 $aFranceschi, Héctor.$0(OLS)http://semarc/name/77973 830 0$aSubsidia canonica / Pontificia università della Santa Croce, Facoltà di diritto canonico ;$v21.$0(OLS)http://semarc/title/125097 850 $aSeMil 852 $aSeMil$W1$xVenegono$y1$m2NA G 21$j244350$B247227$CSeMilBibl$Z2$F247227 $81 996 $6020$a978-88-8333-656-0$9(OLS)http://semarc/number/299244 996 $6245$aIus et matrimonium 2. :$btemi processuali e sostanziali alla luce del Motu Proprio Mitis Iudex Dominus Iesus$9(OLS)http://semarc/title/446274 996 $6264$aRoma :$bEdusc$9(OLS)http://semarc/publisher/31185 LEADER 00999nam a2200205 i 4500 001 000000029586 003 CaOOAMICUS 005 20221128154922.0 008 180830s1933 it u000 u ita u 040 $aSeMil$bita 100 1 $aCessi, Camillo <1876-1939>.$0(OLS)http://semarc/name/13494 245 10$aStoria della letteratura greca dalle origini all'età di Giustiniano /$cCamillo Cessi. 264 1$aTorino :$bSocietà Editrice Internazionale,$c1933. 300 $av. ;$c23 cm. 650 4$aLetteratura greca antica - Storia.$0(OLS)http://semarc/subject/408 774 0 $t1: Caratteri generali del popolo e della letteratura greca.$dTorino : Società Editrice Internazionale$w()352380 830 0$aStudi superiori.$0(OLS)http://semarc/title/11925 996 $6245$aStoria della letteratura greca dalle origini all'età di Giustiniano$9(OLS)http://semarc/title/40201 996 $6264$aTorino :$bSocietà Editrice Internazionale$9(OLS)http://semarc/publisher/29847